000
00337nam a2200133Ia 4500
008
231129s1999||||xx |||||||||||||| ||spa||
020
_a
958-30-0680-7
040
_b
spa
082
_a
Co863.08 C965
245
0
_a
Cuentistas antioquenos
260
_c
1999
264
_a
Panamericana
942
_2
ddc
_c
BKS
999
_c
8418
_d
8418